Stati e Iniziali delle Capitali - Quiz n°4 - Statistics

Statistiche generali
  • Questo quiz è stato fatto 22 volte
  • Il punteggio medio è 7 su 10
Statistiche sulle risposte
Hint Risposta % Corretto
Portogallo L
89%
Costa Rica S
89%
Giamaica K
83%
Suriname P
78%
Nigeria A
72%
Haiti P
72%
Mali B
56%
Tuvalu F
50%
Saint Vincent e Grenadine K
50%
Stati Federati di Micronesia P
44%
Nessun quiz corrispondente trovato
Distribuzione punteggi
Percentuale di utenti per punteggio
Percentile per numero di risposta
I tuoi punteggi nel tempo
Non hai fatto questo quiz